000 00313nam a2200133Ia 4500
008 211109s9999||||xx |||||||||||||| ||und||
082 _a11.34
_bHIN-V
100 _aHindu
245 0 _aVolume title
260 _bHindu
_aNew Delhi
_c2009
630 _xReference Reading Room
650 _vGeneralia
942 _cBOOK
999 _c53800
_d53800